000 00967nam a2200253 a 4500
008 120416s1999 ||||||||||||||||| || u
020 _a0750670886
050 _aHD 30.2 Kno
100 _aZack, Michael H
245 1 0 _aKnowledge and strategy
_cedited by Michael H. Zack
260 _aBoston, MA :
_bButterworth-Heinemann
_c1999
300 _axii, 312 p. : ill.
350 _a0.00
490 _aResources for the knowledge-based economy
500 _aIncludes bibliographical references and index.
650 _aINFORMATION TECHNOLOGY
650 0 _aKNOWLEDGE MANAGEMENT
650 0 _aSTRATEGIC PLANNING
650 0 _aMANAGEMENT
650 _aORGANIZATION
856 _uhttp://www.loc.gov/catdir/description/els033/99018731.html
856 _uhttp://www.loc.gov/catdir/toc/els033/99018731.html
995 _D0.00
_FCBU-MAIN LIBRARY (Kitwe)
_H1
_I16.95
_M1
_UAVAILABLE
_ZMain Library Open Access Collection
999 _c48666
_d48666